000 00723nam a22002177a 4500
003 UA-OsUOA
001 110081
007 ta
008 20150217b un ||||| |||| 00| 0 ukr d
100 _aРимарська Р.
090 _a330(477)
_bР51
942 _cSA
040 _aUA-OsUOA
_bukr
_cUA-OsUOA
_dUA-OsUOA
245 _aСтабілізуючий вплив надходжень до бюджету за умов високого державного зовнішнього боргу: оцінки для України
300 _aС.23-28
955 _a0
041 _aukr
080 _a330(477)
773 0 _w110077
_tЕкономіст
_dК.
_d2014
_g12
650 7 _a330 Економіка взагалі
_2UDC
999 _c396100
_d396100